Memoria del comandante jeneral (sic) de marina... / (Record no. 152629)

MARC details
000 -LEADER
campo de control de longitud fija 00389nam a2200133 i 4500
001 - NÚMERO DE CONTROL
campo de control 152629
003 - IDENTIFICADOR DE NÚMERO DE CONTROL
campo de control ES-MaACL
005 - FECHA Y HORA DE LA ÚLTIMA TRANSACCIÓN
campo de control 20230906204825.0
008 - DATOS DE LONGITUD FIJA--INFORMACIÓN GENERAL
campo de control de longitud fija 201103s1881 cl | |||||||| ||spa d
100 1# - ENTRADA PRINCIPAL--NOMBRE DE PERSONA
Nombre de persona Altamirano, E.
9 (RLIN) 170656
245 10 - MENCIÓN DEL TÍTULO
Título Memoria del comandante jeneral (sic) de marina... /
Mención de responsabilidad, etc. [E. Altamirano].
260 ## - PUBLICACIÓN, DISTRIBUCIÓN, ETC.
Lugar de publicación, distribución, etc. Valparaiso :
Nombre del editor, distribuidor, etc. [s.n.],
Fecha de publicación, distribución, etc. 1881.
852 ## - LOCALIZACIÓN
Ubicación ES-MaACL
Número de control de estantería T-388-F-13
Holdings
Estatus retirado Estado de pérdida Fuente del sistema de clasificación o colocación Estado de daño No para préstamo Colección Biblioteca de origen Biblioteca actual Ubicación en estantería Fecha de adquisición Total de préstamos Signatura topográfica completa Código de barras Visto por última vez Precio de reemplazo Tipo de ítem Koha
    Clasificación decimal universal     Colección de folletos Biblioteca del Ateneo de Madrid Biblioteca del Ateneo de Madrid Depósito folletos 08/07/2005   T-388-F-13 1202281 23/02/2023 23/02/2023 Folleto